| 000 | 00989nam a2200229Ia 4500 | ||
|---|---|---|---|
| 001 | 7267 | ||
| 003 | GE_BSU | ||
| 008 | 181216s||||||||xx |||||||||||||| ||und|| | ||
| 020 | _a9789941148309 | ||
| 040 | _cGE_BSU | ||
| 080 | _a622.24(075.8) | ||
| 100 | _aВаршаломидзе,Г. | ||
| 245 | _aСовременные методы и технологии бурения нефтяных и газовых скважин. | ||
| 260 | _aТбилиси | ||
| 260 | _bТехнический ун-т. | ||
| 260 | _c2010. | ||
| 300 | _a1001стр.ил,25см | ||
| 653 | _aСовременные методы и технологии бурения нефтяных и газовых скважин. | ||
| 653 | _aთანამედროვე მეთოდები და ტექნოლოგიები საბურღი ნავთობისა და გაზის ჭაბურღილების. | ||
| 653 | _aინჟინერია | ||
| 942 | _cBK | ||
| 999 |
_c40639 _d40639 |
||